Polymérne mikro- a nano-kompozity s modifikovanými plnivami

Salvato in:
Dettagli Bibliografici
Autore principale: Mičušík, Matej
Natura: Libro
Lingua:slovacco
Pubblicazione: Bratislava Fakulta chemickej a potravinárskej technológie STU 2007
Soggetti:
Accesso online:Visualizza in OPAC
Tags: Aggiungi Tag
Nessun Tag, puoi essere il primo ad aggiungerne!!

MARC

LEADER 00000nam a2200000 a 4500
005 20260127134228.0
008 080514 2007 xo 000 0 slo d
035 |a vtls009294050 
039 9 |a 200805200945  |b mschk02  |y 200805141115  |z mschk02 
040 |a STUSCHK1  |b slo  |c STUSCHK1  |e AACR2 
100 1 |a Mičušík, Matej 
245 1 |a Polymérne mikro- a nano-kompozity s modifikovanými plnivami  |c Matej Mičušík 
260 |a Bratislava  |b Fakulta chemickej a potravinárskej technológie STU  |c 2007 
300 |a 131 s.  |b obr.,tab.,grafy,lit.  |c 30 cm 
500 |a Ústav polymérov SAV 
650 0 |a elektrovodivé polymérne materiály 
910 |a SCHK95 
999 |c 7253  |d 7253